Statistiques concernant Quiz sur Hunter x Hunter

Cliquez ici pour prendre le quiz!

Statistiques générales

  • Ce quiz a été pris 1 151 fois
  • Le résultat moyen est 5 sur 15

Statistiques - réponses

HintRéponse% Correct
Deuxième parution de l'animé (année)2011
91%
Première parution de l'animé (année)1999
86%
Nen de WingRenforcement
68%
Numéro de Hisoka pendant l'examen Hunter44
60%
Nen de LéolioÉmission
39%
Technique enlevant toute l'aura de son corpsZetsu
34%
Ancien vice-président des HuntersPariston
30%
Nom de la benjamine des ZoldyckKaruto
28%
Nom (dans le manga) du maitre de Gon et Kirua)Biscuit
27%
Nom entier de YupiMontutuyupī
19%
"Village" d'où vient la brigade fantômeL'étoile filante
18%
Nom de la technique du nen de Kaito (sa plus utilisé)Crazy slot
11%
Nom de famille de NobunagaHazama
9%
Attaque de Netero contre Meruem (sa dernière attaque avant sa mort)Rose miniature
5%
Nouveau/elle président/e des HuntersChidol
2%

Distribution des résultats

Percentile par nombre de réponses

% des personnes avec chaque résultat

Votre développement - résultats

Vous n’avez pas pris ce quiz